Métodos de las ciencias sociales / (Record no. 58400)

MARC details
000 -LEADER
campo de control de longitud fija 00899nam a2200265 i 4500
001 - NÚMERO DE CONTROL
campo de control 58400
003 - IDENTIFICADOR DE NÚMERO DE CONTROL
campo de control ES-MaACL
005 - FECHA Y HORA DE LA ÚLTIMA TRANSACCIÓN
campo de control 20250920063041.0
007 - CAMPO FIJO DE DESCRIPCIÓN FÍSICA--INFORMACIÓN GENERAL
campo de control de longitud fija t|
008 - DATOS DE LONGITUD FIJA--INFORMACIÓN GENERAL
campo de control de longitud fija 031022s1974 sp ||||1| spa d
020 ## - NÚMERO INTERNACIONAL ESTÁNDAR DEL LIBRO
Número Internacional Estándar del Libro 84-344-1755-3
080 ## - NÚMERO DE LA CLASIFICACIÓN DECIMAL UNIVERSAL
Número de la Clasificación Decimal Universal 303
100 1# - ENTRADA PRINCIPAL--NOMBRE DE PERSONA
Nombre de persona Duverger, Maurice,
Fechas asociadas al nombre 1917-2014
9 (RLIN) 46383
245 10 - MENCIÓN DEL TÍTULO
Título Métodos de las ciencias sociales /
Mención de responsabilidad, etc. Maurice Duverger ; prólogo de Enrique Tierno Galván ; [traducción de Alfonso Sureda].
250 ## - MENCION DE EDICION
Mención de edición 7ª ed.
260 ## - PUBLICACIÓN, DISTRIBUCIÓN, ETC.
Lugar de publicación, distribución, etc. Barcelona :
Nombre del editor, distribuidor, etc. Ariel,
Fecha de publicación, distribución, etc. 1974.
300 ## - DESCRIPCIÓN FÍSICA
Extensión 593 p. ;
Dimensiones 19 cm.
490 1# - MENCIÓN DE SERIE
Mención de serie Demos. Biblioteca de ciencia política
650 #4 - PUNTO DE ACCESO ADICIONAL DE MATERIA--TÉRMINO DE MATERIA
Término de materia o nombre geográfico como elemento de entrada Ciencias sociales-
Subdivisión general Metodología
9 (RLIN) 10996
700 1# - ENTRADA AGREGADA--NOMBRE PERSONAL
Nombre de persona Tierno Galván, Enrique,
Fechas asociadas al nombre 1918-1986
9 (RLIN) 110235
700 1# - ENTRADA AGREGADA--NOMBRE PERSONAL
Nombre de persona Sureda i Carrión, Alfons.
9 (RLIN) 108823
830 1# - PUNTO DE ACCESO ADICIONAL DE SERIE-TÍTULO UNIFORME
Título uniforme Demos. Biblioteca de ciencia política
9 (RLIN) 182643
852 4# - LOCALIZACIÓN
Ubicación ES-MaACL
Número de control de estantería C-56656
Holdings
Estatus retirado Estado de pérdida Estado de daño No para préstamo Biblioteca de origen Biblioteca actual Ubicación en estantería Fecha de adquisición Fuente de adquisición Total de préstamos Signatura topográfica completa Código de barras Visto por última vez Precio de reemplazo Tipo de ítem Koha
        Biblioteca del Ateneo de Madrid Biblioteca del Ateneo de Madrid Depósito 2 17/01/2008     C-56656 1061279 23/02/2023 23/02/2023 Libro impreso